000 00584nam a22002177a 4500
003 UA-OsUOA
001 53651
007 ta
008 20080411b un ||||| |||| 00| 0 ukr d
100 _aКарасева М.В.
090 _a34
_bК-12
942 _cSA
040 _aUA-OsUOA
_brus
_cUA-OsUOA
_dUA-OsUOA
245 _aБюджетное право в контекксте теории права собственности
300 _aС.52-63
955 _a0
041 _arus
080 _a34
773 0 _w53649
650 7 _a34 Право. Юриспруденція
_2UDC
999 _c339737
_d339737